Speech and Language Processing
| Հիմնական հեղինակ: | |
|---|---|
| Ձևաչափ: | Անհայտ |
| Հրապարակվել է: |
Pearson International edition
2008
|
| Հրատարակություն: | 2nd ed. |
| LEADER | 00257 a2200097 4500 | ||
|---|---|---|---|
| 020 | |a 9789332518414 | ||
| 100 | |a Daniel Jurafsky, James H. Martin | ||
| 245 | |a Speech and Language Processing | ||
| 250 | |a 2nd ed. | ||
| 260 | |b Pearson International edition |c 2008 | ||
| 999 | |c 43192 |d 43192 | ||